ভারতে শিক্ষার পুনর্গঠন / (Record no. 53009)
[ view plain ]
| 000 -LEADER | |
|---|---|
| fixed length control field | 01117nam a2200253 a 4500 |
| 001 - CONTROL NUMBER | |
| control field | 53009 |
| 003 - CONTROL NUMBER IDENTIFIER | |
| rucl marc code | BD-RjUL |
| 005 - DATE AND TIME OF LATEST TRANSACTION | |
| control field | 20211209075908.0 |
| 008 - FIXED-LENGTH DATA ELEMENTS--GENERAL INFORMATION | |
| fixed length control field | 161002s1963 bg ||||| |||| 00| 0 ben d |
| 020 ## - INTERNATIONAL STANDARD BOOK NUMBER | |
| Terms of availability | : TK 1.00 |
| 035 ## - SYSTEM CONTROL NUMBER | |
| System control number | (BD-RjUL)53129 |
| 040 ## - CATALOGING SOURCE | |
| Original cataloging agency | BD-RjUL |
| Language of cataloging | ben |
| Transcribing agency | BD-RjUL |
| 041 ## - LANGUAGE CODE | |
| Language code of text/sound track or separate title | ben |
| 082 ## - DEWEY DECIMAL CLASSIFICATION NUMBER | |
| Edition number | 23 |
| Classification number | 370.954 |
| Author mark and year | BHA 1963 |
| 245 00 - TITLE STATEMENT | |
| Title | ভারতে শিক্ষার পুনর্গঠন / |
| 260 ## - PUBLICATION, DISTRIBUTION, ETC. (IMPRINT) | |
| Place of publication, distribution, etc. | নয়াদিল্লী : |
| Name of publisher, distributor, etc. | ন্যাশনাল বুক ট্রাস্ট, |
| Date of publication, distribution, etc. | ১৯৬৩ |
| 300 ## - PHYSICAL DESCRIPTION | |
| Pagination | ৬৪ পৃ. ; |
| Size | ২১ সেমি. |
| 490 ## - SERIES STATEMENT | |
| Series statement | আকাশবাণী কর্তৃক প্রচারিত প্যটেল স্মৃতি বক্তৃতামালা |
| 650 ## - SUBJECT ADDED ENTRY--TOPICAL TERM | |
| Topical term or geographic name as entry element | শিক্ষা |
| Geographic subdivision | ভারত |
| 9 (RLIN) | 158438 |
| Topical term or geographic name as entry element | Education |
| Geographic subdivision | India |
| 9 (RLIN) | 158439 |
| 700 ## - ADDED ENTRY--PERSONAL NAME | |
| Personal name | হুসেন, জাকীর, অনুবাদ |
| 856 ## - ELECTRONIC LOCATION AND ACCESS | |
| Materials specified | আকাশবাণী কর্তৃক প্রচারিত প্যটেল স্মৃতি বক্তৃতামালা |
| 942 ## - ADDED ENTRY ELEMENTS (KOHA) | |
| Source of classification or shelving scheme | Dewey Decimal Classification |
| Koha item type | Books |
| Lost status | Source of classification or shelving scheme | Damaged status | Not for loan | Collection code | Permanent Location | Current Location | Shelving location | Date acquired | Source of acquisition | Total Checkouts | Full call number | Date last seen | Copy number | Koha item type |
|---|---|---|---|---|---|---|---|---|---|---|---|---|---|---|
| Dewey Decimal Classification | Non-fiction | Central Library, University of Rajshahi | Central Library, University of Rajshahi | 24/08/1973 | Varotio High Comissioner, Rajshahi | B 370.954 BHA 1963 | 02/10/2016 | C-2 | Books |